Die SED und ihre Armee : (Titelsatznr. 37019)
[ MARC ]
| 000 -Satzkennung | |
|---|---|
| Kontrollfeld mit fester Länge | 00751nam a22002291c 4500 |
| 001 - Kontrollnummer | |
| Kontrollfeld | a987676478 |
| 008 - Feld mit fester Länge zur physischen Beschreibung - Allgemeine Angaben | |
| Kontrollfeld mit fester Länge | 160530s2002 gw |||| 000u ger d |
| 041 ## - Sprachcode | |
| Sprachcode des Textes/der Tonspur oder des separaten Titels | ger |
| 040 ## - Katalogisierungsquelle | |
| Übertragungsstelle | RU-10907106 |
| 003 - Kontrollnummer Identifier | |
| Kontrollfeld | RU-10907106 |
| 100 1# - Haupteintragung - Personenname | |
| Personenname | Giese, Daniel |
| 245 04 - Titel | |
| Titel | Die SED und ihre Armee : |
| Zusatz zum Titel | die NVA zwischen Politisierung und Professionalismus 1956 - 1965 / |
| Verfasserangabe etc. | von Daniel Giese |
| 264 ## - Produktion, Veröffentlichung, Distribution, Herstellung und Urheberrechtsvermerk | |
| Herstellungs-, Veröffentlichungs- Vertriebs-, Erzeugungsort | München : |
| Produzent, Herausgeber, Distributor, Hersteller | Oldenbourg, |
| Datum der Herstellung, der Veröffentlichung, des Vertriebs oder des Urheberschutzvermerks | 2002 |
| 300 ## - Physische Beschreibung | |
| Umfang | 282 S. |
| 490 #0 - Gesamttitelangabe | |
| Gesamttitelangabe | Schriftenreihe der Vierteljahrshefte für Zeitgeschichte |
| Bandnummer/Folgebezeichnung | 85 |
| 502 ## - Dissertationsvermerk | |
| Dissertationsvermerk | Teilw. zugl.: Berlin, Humboldt-Univ., Diss., 2001 |
| 610 #0 - Nebeneintragung unter einem Schlagwort - Körperschaftsname | |
| Körperschafts- oder Gebietskörperschaftsname als Eintragungselement | Sozialistische Einheitspartei Deutschlands |
| 650 #0 - Nebeneintragung unter einem Schlagwort - Sachschlagwort | |
| Sachschlagwort oder geografischer Name als Eintragungselement | Ost-West-Konflikt |
| 651 #0 - Nebeneintragung unter einem Schlagwort - Geografischer Name | |
| Geografischer Name | Deutschland (DDR) |
| 655 #0 - Indexierungsterm - Genre/Form | |
| Genre/Form oder fokussierter Term | Hochschulschrift |
| 942 ## - Zusätzliche Felder (Koha) | |
| Koha-Medientyp | Monographien |
| Ausgeschieden | Verloren | Klassifikation oder Aufstellungssystematik | Beschädigt | Nicht entleihbar | Heimatbibliothek | Aufenthaltsbibliothek | Erwerbungsdatum | Inventarnummer | Signatur | Barcode | Letzte Aktivität | Preis gültig von | Koha-Medientyp |
|---|---|---|---|---|---|---|---|---|---|---|---|---|---|
| Ausgeschieden | Andere/Generische Klassifikation | MWN Osteuropa | MWN Osteuropa | 30/05/2016 | 16-02043 Ersatzß | D 54 rd Gie | 37023 | 23/02/2021 | 22/03/2021 | Monographien |